An IPv6 mobility management scheme using mobility server and crossover point /
Saved in:
| Main Author: | |
|---|---|
| Format: | Thesis Book |
| Language: | English |
| Published: |
2003.
|
| Subjects: | |
| Tags: |
Add Tag
No Tags, Be the first to tag this record!
|
| LEADER | 01062cam a2200265 a 4500 | ||
|---|---|---|---|
| 001 | u519080 | ||
| 003 | SIRSI | ||
| 008 | 990618s2003 my t 00 10 eng m | ||
| 035 | |a ACZ-8598 | ||
| 040 | |a UMM | ||
| 090 | |a QA76 |b UM 2003 Koh | ||
| 100 | 1 | 0 | |a Koh, Chee Hong. |
| 245 | 1 | 3 | |a An IPv6 mobility management scheme using mobility server and crossover point / |c Koh Chee Hong. |
| 260 | |c 2003. | ||
| 300 | |a xvi, 152 leaves : |b ill. ; |c 30 cm. | ||
| 502 | |a Dissertation (M.Comp.Sc.) -- Fakulti Sains Komputer dan Teknologi Maklumat, Universiti Malaya, 2003. | ||
| 504 | |a Bibliography: leaves 149-152. | ||
| 650 | 0 | |a Mobile computing. | |
| 650 | 0 | |a TCP/IP (Computer network protocol) | |
| 650 | 0 | |a Internet. | |
| 710 | 2 | 0 | |a Universiti Malaya. |b Fakulti Sains Komputer dan Teknologi Maklumat. |
| 948 | |a 09/12/2003 |b 20/09/2004 | ||
| 596 | |a 1 16 | ||
| 999 | |a QA76 UM 2003 KOH |w LC |c 1 |i A511294905 |d 30/9/2008 |e 30/9/2008 |l STACKS |m P01UTAMA |n 3 |r Y |s Y |t TESIS |u 24/9/2004 | ||
| 999 | |a QA76 UM 2003 KOH |w LC |c 1 |i A511275953 |d 5/5/2005 |f 5/5/2005 |g 1 |l STACKS |m P16SKTM |r Y |s Y |t TESIS |u 5/5/2005 | ||
